The noble scholar, jurist, historian


 His Excellency Dr. Abdul Wahhab bin Ibrahim Abu Sulaiman, may Allah have mercy on him.


 He was born in Umm Al-Qura in the year 1356 AH.

شرح العالم العلامة الحبر البحر الفهامة الإمام القدوة الرباني أبي الحسن علي بن هشام الكيلاني لتصريف العزي قدس الله روحهما ونور ضريحهما آمين. وبهامشه المتن المذكور. (Record no. 14799)

MARC details
000 -LEADER
fixed length control field 01254cam a2200253 i 4500
003 - CONTROL NUMBER IDENTIFIER
control field SA-RiAUC
005 - DATE AND TIME OF LATEST TRANSACTION
control field 20260415141839.0
008 - FIXED-LENGTH DATA ELEMENTS--GENERAL INFORMATION
fixed length control field 260319s1927 ua g 000r0 ara c
040 ## - CATALOGING SOURCE
Original cataloging agency SA-JeALM
Language of cataloging ara
Transcribing agency SA-RiAUC
Description conventions rda
082 04 - DEWEY DECIMAL CLASSIFICATION NUMBER
Classification number 415.5
Assigning agency SA-RiAUC
090 ## - LOCALLY ASSIGNED LC-TYPE CALL NUMBER (OCLC); LOCAL CALL NUMBER (RLIN)
Classification number (OCLC) (R) ; Classification number, CALL (RLIN) (NR) م ن 415.5
Local cutter number (OCLC) ; Book number/undivided call number, CALL (RLIN) ك ي ل
100 1# - MAIN ENTRY--PERSONAL NAME
Personal name الكيلاني، علي بن هشام
Relator term مؤلف.
245 10 - TITLE STATEMENT
Title شرح العالم العلامة الحبر البحر الفهامة الإمام القدوة الرباني أبي الحسن علي بن هشام الكيلاني لتصريف العزي قدس الله روحهما ونور ضريحهما آمين. وبهامشه المتن المذكور.
264 #3 - PRODUCTION, PUBLICATION, DISTRIBUTION, MANUFACTURE, AND COPYRIGHT NOTICE
Place of production, publication, distribution, manufacture مكة المكرمة :
Name of producer, publisher, distributor, manufacturer مطبعة الترقى الماجدية العثمانية
Date of production, publication, distribution, manufacture, or copyright notice [1913]
300 ## - PHYSICAL DESCRIPTION
Extent 35صفحة ؛
Dimensions 29 سم.
336 ## - CONTENT TYPE
Content type term نص
Content type code txt
Source rdacontent
Materials specified كتاب
337 ## - MEDIA TYPE
Media type term بدون وسيط
Media type code n
Source rdamedia
338 ## - CARRIER TYPE
Carrier type term مجلد
Carrier type code nc
Source rdacarrier
650 #7 - SUBJECT ADDED ENTRY--TOPICAL TERM
Topical term or geographic name entry element اللغة العربية
General subdivision صرف
Source of heading or term aucsh
700 12 - ADDED ENTRY--PERSONAL NAME
Personal name الزنجاني، عبد الوهاب بن إبراهيم بن عبد الوهاب،
Dates associated with a name توفي 655 هجري
740 22 - ADDED ENTRY--UNCONTROLLED RELATED/ANALYTICAL TITLE
Uncontrolled related/analytical title التصريف العزي.
942 ## - ADDED ENTRY ELEMENTS (KOHA)
Source of classification or shelving scheme Dewey Decimal Classification
Koha item type كتاب مصور نادر
Suppress in OPAC No
949 ## - LOCAL PROCESSING INFORMATION (OCLC)
a SA-JeALM
d 260319
u mohamedma123
n 1
Holdings
Withdrawn status Lost status Source of classification or shelving scheme Damaged status Not for loan Home library Current library Date acquired Total checkouts Full call number Barcode Date last seen Price effective from Koha item type
    Dewey Decimal Classification     DR AbdElwahab Library DR AbdElwahab Library 04/15/2026   م ن 415.5 ك ي ل 000023382 04/15/2026 04/15/2026 كتاب مصور نادر
    Dewey Decimal Classification     DR AbdElwahab Library DR AbdElwahab Library 04/15/2026   م ن 415.5 ك ي ل 000023383 04/15/2026 04/15/2026 كتاب مصور نادر